Normal view MARC view

Entry Personal Name

Number of records used in: 2

001 - CONTROL NUMBER

  • control field: 48477

003 - CONTROL NUMBER IDENTIFIER

  • control field: dpl

005 - DATE AND TIME OF LATEST TRANSACTION

  • control field: 20120606121434.0

008 - FIXED-LENGTH DATA ELEMENTS

  • fixed length control field: 120606|||a|||||| | ||| d

040 ## - CATALOGING SOURCE

  • Original cataloging agency: dpl
  • Transcribing agency: dpl

100 ## - HEADING--PERSONAL NAME

  • Personal name: बनर्जी, विवेकानंद

670 ## - SOURCE DATA FOUND

  • Source citation: Work cat.: (dpl): बनर्जी, विवेकानंद, नवीन सुगम विज्ञानः आठवीं कक्षा के लिए /, 2004

670 ## - SOURCE DATA FOUND

  • Source citation: Work cat.: (dpl): बनर्जी, विवेकानंद, नवीन सुगम विज्ञानः आठवीं कक्षा के लिए /, 2004

© Delhi Public Library
Hit Counter
free hit counter